Basic Slovak

Salvato in:
Dettagli Bibliografici
Autore principale: Mistrík, Jozef
Natura: Libro
Lingua:slovacco
Pubblicazione: Bratislava Slov. ped. nakl. 1989
Edizione:3. vyd.
Tags: Aggiungi Tag
Nessun Tag, puoi essere il primo ad aggiungerne!!

MARC

LEADER 00000nam a2200000 4500
001 c038336
005 20221215070328.9
041 0 |a slo 
044 |a SK 
245 1 0 |a Basic Slovak  |c Jozef Mistrík 
250 |a 3. vyd. 
264 1 |a Bratislava  |b Slov. ped. nakl.  |c 1989 
300 |a 151 s. 
100 1 |a Mistrík, Jozef